000 01169cab a2200301 4500
001 ABS59360
008 090401t1998 xxu||||| |||| 00| 0 eng d
035 _a(Sirsi) u88471
041 _aeng
100 _aCrosby, N.
245 _aCommercial property loan valuations in the UK: implications of current trends in valuation practice and legal liability
260 _c1998
350 _a0
490 _aJournal of Property Research
_v15(3) September 1998, 183-209
520 _aExamines the legal liability implications of changes to the commercial property loan valuation process caused by the recession in the UK property market. Reviews the legal framework and critically examines the valuation process relating to instructions, bases and reporting in order to define a set of research questions. References. Table of cases.
650 _aPROPERTY-COMMERCIAL PROPERTY
650 _aLEGAL LIABILITIES
650 _aLENDERS
650 _aLOANS
650 _aRECESSION
650 _aValuation
_96273
650 _aVALUERS
690 _aRATING AND VALUATION
700 _aFoster, H,
700 _aLavers, A
942 _n0
948 _c15/09/1998
999 _c55891
_d55891